Comentarios a las reformas de nacionalidad y tutela (Record no. 46441)

MARC details
000 -LEADER
campo de control de longitud fija 00713nam a2200193 i 4500
001 - NÚMERO DE CONTROL
campo de control 46441
003 - IDENTIFICADOR DE NÚMERO DE CONTROL
campo de control ES-MaACL
005 - FECHA Y HORA DE LA ÚLTIMA TRANSACCIÓN
campo de control 20230906161402.0
007 - CAMPO FIJO DE DESCRIPCIÓN FÍSICA--INFORMACIÓN GENERAL
campo de control de longitud fija t|
008 - DATOS DE LONGITUD FIJA--INFORMACIÓN GENERAL
campo de control de longitud fija 030328s1986 sp ||||1| spa d
020 ## - NÚMERO INTERNACIONAL ESTÁNDAR DEL LIBRO
Número Internacional Estándar del Libro 84-309-1230-4
245 00 - MENCIÓN DEL TÍTULO
Título Comentarios a las reformas de nacionalidad y tutela
Resto del título : Ley 21/1982, de 13 de julio de 1982 y Ley 13/1983, de 24 de octubre de 1983 /
Mención de responsabilidad, etc. Manuel Amorós Guardiola, Rodrigo Bercovitz Rodríguez-Cano (coordinadores).
260 ## - PUBLICACIÓN, DISTRIBUCIÓN, ETC.
Lugar de publicación, distribución, etc. Madrid :
Nombre del editor, distribuidor, etc. Tecnos,
Fecha de publicación, distribución, etc. 1986.
300 ## - DESCRIPCIÓN FÍSICA
Extensión 871 p. ;
Dimensiones 25 cm.
500 ## - NOTA GENERAL
Nota general Ap. Legislativo.
700 1# - ENTRADA AGREGADA--NOMBRE PERSONAL
Nombre de persona Amorós Guardiola, Manuel.
9 (RLIN) 21320
700 1# - ENTRADA AGREGADA--NOMBRE PERSONAL
Nombre de persona Bercovitz Rodríguez-Cano, Rodrigo.
9 (RLIN) 27857
852 ## - LOCALIZACIÓN
Ubicación ES-MaACL
Número de control de estantería L-9215
Sublocalización o colección R.111289
Holdings
Estatus retirado Estado de pérdida Estado de daño No para préstamo Biblioteca de origen Biblioteca actual Ubicación en estantería Fecha de adquisición Fuente de adquisición Total de préstamos Signatura topográfica completa Código de barras Visto por última vez Precio de reemplazo Tipo de ítem Koha
        Biblioteca del Ateneo de Madrid Biblioteca del Ateneo de Madrid Depósito 2 17/01/2008     L-9215 1048842 23/02/2023 23/02/2023 Libro impreso